Invertebrate relationships : (Registro nro. 817)
[ vista simple ]
| 000 -CABECERA | |
|---|---|
| Campo de control | 01207pam a2200325 a 4500 |
| 005 - FECHA Y HORA DE LA ULTIMA TRANSACCION | |
| Campo de control | 20160106121747.0 |
| 008 - ELEMENTOS DE LONGITUD FIJA—INFORMACION GENERAL | |
| Campo de control | 871109t1990 enka grb 001 0 eng |
| 020 ## - ISBN | |
| ISBN | 0521330645 |
| 020 ## - ISBN | |
| ISBN | 0521337127 (pbk.) |
| 040 ## - FUENTE DE CATALOGACIÓN | |
| Agencia catalogadora original | DLC |
| Agencia transcriptora | DLC |
| Agencia Modificadora | CO-BoIAVH |
| 041 ## - IDIOMA | |
| Código de idioma para texto/pista de sonido o título separado | Inglés |
| 044 ## - PAÍS DE PUBLICACIÓN | |
| País de publicación | Inglaterra |
| 082 00 - NUMERO DE CLASIFICACION DECIMAL DEWEY | |
| Número de clasificación | 592.038 |
| Número del ítem | W73i |
| 100 1# - ASIENTO PRINCIPAL--NOMBRE PERSONAL | |
| Nombre personal | Willmer, Pat, |
| Fechas asociadas con el nombre | 1953- |
| 245 10 - MENCION DE TITULO | |
| Título | Invertebrate relationships : |
| Parte restante del título | patterns in animal evolution / |
| Mención de responsabilidad | Pat Willmer. |
| 260 ## - PUBLICACION, DISTRIBUCION, ETC. (PIE DE IMPRENTA) | |
| Lugar de publicación, distribución, etc. | Cambridge ; |
| -- | New York : |
| Nombre del editor, distribuidor, etc. | Cambridge University Press, |
| Fecha de publicación, distribución, etc. | 1990. |
| 300 ## - DESCRIPCION FISICA | |
| Extensión | ix, 400 paginas. : |
| Otros detalles físicos | ilustraciones. ; |
| Dimensiones | 26 x 17 cm. |
| 500 ## - NOTA GENERAL | |
| Nota general | Includes index. |
| 504 ## - NOTA DE BIBLIOGRAFIA, ETC. | |
| Nota de bibliografía | Bibliography: p. [363]-383. |
| 650 #0 - ASIENTO SECUNDARIO DE MATERIA - TERMINO TEMATICO | |
| Término temático o nombre geográfico como elemento de entrada | Invertebrates |
| Subdivisión general | Evolution. |
| 650 #0 - ASIENTO SECUNDARIO DE MATERIA - TERMINO TEMATICO | |
| Término temático o nombre geográfico como elemento de entrada | Invertebrates, Fossil. |
| 650 #0 - ASIENTO SECUNDARIO DE MATERIA - TERMINO TEMATICO | |
| Término temático o nombre geográfico como elemento de entrada | Invertebrados |
| Subdivisión general | Evolución |
| 650 #6 - ASIENTO SECUNDARIO DE MATERIA - TERMINO TEMATICO | |
| Término temático o nombre geográfico como elemento de entrada | Invertebrados, Fosil. |
| 650 #6 - ASIENTO SECUNDARIO DE MATERIA - TERMINO TEMATICO | |
| Término temático o nombre geográfico como elemento de entrada | Filogenia |
| Subdivisión general | Animales |
| 856 42 - LOCALIZACION Y ACCESO ELECTRONICOS | |
| Especificación de los materiales | Publisher description |
| Identificador Uniforme del Recurso | http://www.loc.gov/catdir/description/cam023/87032019.html |
| 856 41 - LOCALIZACION Y ACCESO ELECTRONICOS | |
| Especificación de los materiales | Table of contents |
| Identificador Uniforme del Recurso | http://www.loc.gov/catdir/toc/cam029/87032019.html |
| 906 ## - LOCAL DATA ELEMENT F, LDF (RLIN) | |
| a | 7 |
| b | cbc |
| c | orignew |
| d | 1 |
| e | ocip |
| f | 19 |
| g | y-gencatlg |
| 942 ## - ELEMENTOS ADICIONALES (KOHA) | |
| Sistema de clasificación | Dewey Decimal Classification |
| Tipo de ítem | Libro |
| Withdrawn status | Lost status | Sistema de Clasificación | Damaged status | No para préstamo | Colección | Inventariado | Ubicación Permanente | Ubicación actual | Fecha de adquisición | Fuente de Valor | Total Checkouts | Número topográfico | Inventario / Código de Barras | Date last seen | Ejemplar | Price effective from | Forma de adquisición | Tipo de material |
|---|---|---|---|---|---|---|---|---|---|---|---|---|---|---|---|---|---|---|
| Dewey Decimal Classification | General | Inventariado 2017 | Bogotá | Bogotá | 09/09/1998 | Amazon | LB-592.038 W73i | 001157 | 04/12/2012 | Ej.1 | 04/12/2012 | Compra | Libro |